Musical composers! Quiz Stats

 Plays Quiz not verified by Sporcle

Also try: Dead Before 40?
Challenge
Share
Tweet
Embed
Score 0/30 Timer 10:00
0 Plays Today
Show Name Composer Names % Correct
CatsAndrew Lloyd Webber
84.3%
Sweeney ToddStephen Sondheim
82.4%
The Lion KingSir Elton John
78.4%
Oklahoma!Richard Rodgers
72.5%
West Side StoryLoenard Bernstein
72.5%
WickedStephen Schwartz
64.7%
Mamma Mia!Benny Andersson & Björn Ulvaeus (ABBA)
60.8%
Movin' OutBilly Joel
60.8%
My Fair LadyFrederick Loewe
58.8%
Fiddler on the RoofJerry Bock
51%
Threepenny OperaKurt Weill
51%
Kiss Me KateCole Porter
51%
Little Shop of HorrorsAlan Menken
49%
ShowboatJerome Kern
45.1%
The Music ManMeredith Willson
45.1%
Show Name Composer Names % Correct
Guys and DollsFrank Loesser
45.1%
Spring AwakeningDuncan Sheik
39.2%
HairGalt MacDermot
39.2%
Miss SaigonClaude-Michel Schönberg
39.2%
Once Upon a MattressMary Rodgers
37.3%
Jersey BoysBob Gaudio (The Four Seasons)
37.3%
RagtimeStephen Flaherty
35.3%
AnnieCharles Strouse
35.3%
Avenue QRobert Lopez & Jeff Marx
33.3%
HairsprayMarc Shaiman
33.3%
Beggar's OperaJohn Gay
27.5%
[title of show]Jeff Bowen
13.7%
MemphisDavid Bryan
11.8%
The Drowsy ChaperoneLisa Lambert & Greg Morrison
7.8%
UrinetownMark Hollmann
7.8%

You're not logged in!

Compare scores with friends on all Sporcle quizzes.
Join for Free
OR
Log In

You Might Also Like...

Show Comments

Extras

Created Aug 12, 2010ReportNominate

Top Quizzes Today


Score Distribution

Your Account Isn't Verified!

In order to create a playlist on Sporcle, you need to verify the email address you used during registration. Go to your Sporcle Settings to finish the process.

Report this User

Report this user for behavior that violates our Community Guidelines.

Details: